000 00491nam a2200169Ia 4500
008 090711s9999 xx 000 0 und d
082 _b72778
100 _aबाबर सरोजिनी
245 _aदसरा दिवाळी
260 _c1990
300 _a803
600 _aबाबर सरोजिनी
630 _aदसरा दिवाळी
700 _aबाबर सरोजिनी
730 _aदसरा दिवाळी
942 _cBOOK
999 _c286485
_d286485